| 000 | 00586nam a2200181 4500 | ||
|---|---|---|---|
| 999 |
_c163224 _d163224 |
||
| 005 | 20190404142906.0 | ||
| 010 | _aENG-125015 | ||
| 020 |
_a109350578034 _c295.00 |
||
| 035 | _aEN-108547 | ||
| 037 | _bDBAD/PUB | ||
| 082 | _a615.538 | ||
| 100 | _aManohar,Murali Ch. | ||
| 245 |
_aAyurvedic self-cure book: _bfor common and chronic ailments/ _cCh.Murali Manohar |
||
| 260 |
_aNew Delhi _bV&S Publishers _c2017 |
||
| 270 |
_aF-2/16, Ansari Road, Daryaganj _bNew Delhi _e110002 _minfo@vspublications.com |
||
| 300 |
_a141p. _c25cm(Pbk) |
||
| 942 |
_2ddc _cEN _h615.538 _mMAN |
||